Missing Word: Two-Word Movies by Actor Quiz Stats

Quiz Updated Nov 5, 2014

Challenge
Share
Tweet
Embed
Score 0/24 Timer 04:00
2 Plays Today
Hint Answer % Correct
Tom CruiseImpossible
98.5%
Tom HanksForrest
98.3%
Johnny DeppEdward
98.2%
Tom CruiseGun
98.1%
Tom HanksAway
96.5%
Brad PittBasterds
93%
Johnny DeppHollow
92.9%
Tom Hanks13
92.9%
Brad PittFight
91.3%
Brad PittOcean's
90.2%
Tom CruiseJerry
89.8%
Tom HanksToy
89.4%
Hint Answer % Correct
Tom CruiseRisky
87.4%
Tom CruiseSky
81.7%
Johnny DeppDonnie
70.6%
Brad PittMonkeys
66.8%
Tom HanksPhillips
61.1%
Tom HanksCloud
53.6%
Johnny DeppWood
51.9%
Johnny DeppEnemies
50.5%
Tom CruiseRain
45.4%
Johnny DeppSecret
30.7%
Brad PittSpy
12.3%
Brad PittTogether
4.3%

Today's Daily Dose

You're not logged in!

Compare scores with friends on all Sporcle quizzes.
Join for Free
OR
Log In

You Might Also Like...

Show Comments

Extras

Top Quizzes Today


Score Distribution

Your Account Isn't Verified!

In order to create a playlist on Sporcle, you need to verify the email address you used during registration. Go to your Sporcle Settings to finish the process.

Report this User

Report this user for behavior that violates our Community Guidelines.

Details: